Normal view MARC view
  • Cuartas López, Laura

Entry Nombre Personal

Number of records used in: 1

001 - NUMERO DE CONTROL

  • campo de control: 58832

003 - IDENTIFICADOR DE NUMERO DE CONTROL

  • campo de control: UPN

005 - FECHA Y HORA DE LA ÜLTIMA TRANSACCIÓN

  • campo de control: 20260218132858.0

008 - DATOS DE LONGITUD FIJA

  • campo de control de longitud fija: 260218|| acz||aabn | a|a d

024 ## - OTROS IDENTIFICADORES NORMALIZADOS

  • Número normalizado o código: https://orcid.org/0000-0003-0293-2218

040 ## - FUENTE DE CATALOGACIÓN

  • Agencia original de catalogación: MX-MxUPN

100 1# - ENCABEZAMIENTO - NOMBRE PERSONAL

  • Nombre personal: Cuartas López, Laura

370 ## - LUGAR ASOCIADO

  • Place of birth: España

373 ## - GRUPO ASOCIADO

  • Associated group: Universidad de Oviedo

374 ## - OCUPACIÓN

  • Occupation: Docencia e investigación universitaria

377 ## - LENGUA ASOCIADA

  • Language code: spa

670 ## - FUENTE EN LA QUE SE LOCALIZARON DATOS

  • Cita de la fuente: En recurso en línea : Psychologia : avances de la disciplina, Vol. 19, no. 1, 2025)
  • Información localizada: (Laura Cuartas López)
  • Uniform Resource Identifier: https://revistas.ucv.edu.pe/index.php/psiquemag/article/view/3476/2604

902 ## - CATALOGADOR

  • Catalogador: Leonor Sotres/180226